Guess the Alt. Rock Band's Most Popular Song - Statistics

General Stats
  • This quiz has been taken 139 times
  • The average score is 12 of 30
Answer Stats
Band Song % Correct
Nirvana Smells Like Teen Spirit
89%
Radiohead Creep
88%
Oasis Wonderwall
86%
Linkin Park In The End
75%
Red Hot Chili Peppers Californication
58%
Foo Fighters Everlong
57%
The White Stripes Seven Nation Army
57%
R.E.M. Losing My Religion
55%
Pixies Where Is My Mind?
53%
Imagine Dragons Believer
51%
Weezer Island In The Sun
47%
Soundgarden Black Hole Sun
45%
Green Day Basket Case
39%
The Smashing Pumpkins 1979
38%
Fall Out Boy Centuries
37%
Pearl Jam Even Flow
33%
The Cure Boys Don't Cry
28%
Cage the Elephant Cigarette Daydreams
28%
Talking Heads Psycho Killer
26%
Arctic Monkeys I Wanna Be Yours
25%
My Chemical Romance Teenagers
25%
Nine Inch Nails Closer
22%
The Strokes Last Nite
21%
Modest Mouse Float On
17%
The Smiths There Is A Light That Never Goes Out
17%
Mother Mother Hayloft
13%
The Black Keys Lonely Boy
9%
Coldplay Something Just Like This
8%
Sonic Youth Teenage Riot
6%
Tally Hall Hidden In The Sand
3%
No matching quizzes found
Score Distribution
Percent of People with Each Score
Percentile by Number Answered
Your Score History
You have not taken this quiz